| 000 | 00490nam a2200133Ia 4500 | ||
|---|---|---|---|
| 008 | 160809s9999 xx 000 0 und d | ||
| 100 | _aBormann, Franklin. | ||
| 245 | _aSafety And Hygiene Status Of Street Vended Foods In Ho, Ghana | ||
| 245 | _cFranklin Bormann, Otilia Adzinyo and Lorlornyo Letsa. | ||
| 260 | _bJournal of Hospitality Management and Tourt | ||
| 260 | _cFebruary 2016 | ||
| 650 | _xTOURISM | ||
| 856 | _uhttp://www.academicjournals.org/journal/JHMT/edition/February_2016 | ||
| 999 |
_c300481 _d300481 |
||